000 00344 a2200121 4500
005 20250614100556.0
020 _a0-07-287395-7
082 _a658.049 HIL
100 _aHILL,W.L. C
245 _aInternational Business: Competing in the global marketplace
300 _axviii,720p.: ill.; charts, pictures
_bIndex, Glossary
_c27cm
942 _2ddc
_cBKS
999 _c4075
_d4075